01004nam a2200253 i 4500001000300000100002100003245011800024246006300142260005500205300004100260490004300301500006700344504003700411650001700448655003000465700002000495830004300515020001500558040000800573041001100581080001900592008004100611856009800652bg1 aDELOBEL, Claude.10aRelacyjne bazy danych /cClaude Delobel, Michel Adiba ; z fr. przeł. Monika Bartnicka-Gustowska, Jerzy Gustowski iTyt. oryg.:aBases de données et systèmes relationnels aWarszawa :bWydawnictwa Naukowo-Techniczne,c1989. a455, [1] s. :brys., wykr. ;c24 cm. aBiblioteka Inżynierii Oprogramowania aOryg. : "Bases de données et systèmes relationnels" 1983.  aBibliogr. s. 442-451. - Indeks.  aBaza danych  aPodręczniki akademickie aADIBA, Michael. aBiblioteka Inżynierii Oprogramowania a8320410258 cBPK1 aplhfr a004.652(075.8) s pl f |000 0 pol  uhttp://koha.tu.koszalin.pl/cgi-bin/koha/opac-detail.pl?biblionumber=35854yKatalog online BPK